Light, air & openness : modern architecture between the wars /

Bibliographic Details
Main Author: Overy, Paul, 1940-2008
Format: Book
Language:English
Published: London : Thames & Hudson, 2007.
Subjects:
Classic Catalogue: View this record in Classic Catalogue
LEADER 01321nam a2200289 a 4500
001 0017840
003 BD-DhAAL
008 090701s2007 enka b 001 0 eng d
010 |a  2008298005 
020 |a 9780500342428 (hbk.) 
020 |a 0500342423 (hbk.) 
040 |a UKM  |c UKM  |d BAKER  |d BTCTA  |d YDXCP  |d BWKUK  |d BWK  |d BWX  |d DLC  |d BD-DhAAL 
082 0 4 |a 724.6  |2 22 
100 1 |a Overy, Paul,  |d 1940-2008.  |9 31924 
245 1 0 |a Light, air & openness :  |b modern architecture between the wars /  |c Paul Overy. 
246 3 |a Light, air and openness 
260 |a London :  |b Thames & Hudson,  |c 2007. 
300 |a 256 p. :  |b ill. ;  |c 26 cm 
500 |a with 66 illustrations. 
504 |a Includes bibliographical references (pages 223-250) and index. 
526 |a ARC  |x Md. Shajjad Hossain, Faculty members of the Department of Architecture 
541 1 |e 0017840  |a Zeenat Book Supply Limited 
650 0 |a Architecture, Modern  |y 20th century.  |9 31925 
852 4 |a Ayesha Abed Library  |c General Stacks 
942 |2 ddc  |c BK 
999 |c 1927  |d 1927 
952 |0 0  |1 0  |2 ddc  |4 0  |6 724_600000000000000_OVE_2007  |7 0  |9 1768  |a BRACUL  |b BRACUL  |c GEN  |d 2009-07-01  |e Zeenat Book Supply Limited  |g 3368.00  |l 5  |m 24  |o 724.6 OVE  |p 3010017840  |r 2024-11-05  |s 2024-09-30  |t 1  |w 2009-07-01  |y BK  |x Requisitioned by Md. Shajjad Hossain (Faculty members of the Department of Architecture).